[Event "HEM C-Turnier"]
[Site "Frankfurt-Zeilsheim"]
[Date "2018.05.11"]
[Round "4.14"]
[White "Edelmann, Anastasija"]
[Black "Arnold, Jan"]
[Result "0-1"]
[WhiteElo "919"]
[BlackElo "1441"]
[PlyCount "52"]
[EventDate "2018.??.??"]
[EventType "swiss"]
[EventRounds "7"]
[EventCountry "GER"]
[WhiteTeam "SC Frankfurt-West"]
[BlackTeam "SC Frankfurt-West"]

1. e4 c5 2. Nf3 Nc6 3. d4 cxd4 4. Nxd4 g6 5. Be3 Bg7 6. Nc3 Nf6 7. Nxc6 bxc6 8.
Bc4 O-O 9. Qd2 Rb8 10. b3 Nxe4 11. Nxe4 Bxa1 12. Bh6 Bg7 13. Bxg7 Kxg7 14. Qd4+
f6 15. Ng5 Qa5+ 16. c3 Qxg5 17. O-O d5 18. Bd3 Bh3 19. g3 Bxf1 20. Bxf1 a5 21.
Qc5 Qe5 22. Qxc6 Rfc8 23. Qa4 Qxc3 24. Qa3 Qe1 25. Kg2 Rc1 26. Kf3 Qe4# 0-1

[Event "HEM C-Turnier"]
[Site "Frankfurt-Zeilsheim"]
[Date "2018.05.11"]
[Round "4.15"]
[White "Pessotschinski, Eduard"]
[Black "Oezyar, Arin"]
[Result "0-1"]
[WhiteElo "1383"]
[BlackElo "981"]
[PlyCount "96"]
[EventDate "2018.??.??"]
[EventType "swiss"]
[EventRounds "7"]
[EventCountry "GER"]
[WhiteTeam "TuS Makkabi"]
[BlackTeam "SC Bad Soden"]

1. e4 e5 2. Nf3 Nc6 3. d4 exd4 4. Nxd4 Nf6 5. Nxc6 bxc6 6. Bg5 h6 7. Bh4 g5 8.
Bg3 Bg7 9. Nc3 Nh5 10. Qxh5 d5 11. Rd1 Be6 12. exd5 cxd5 13. Bb5+ Kf8 14. O-O
Qc8 15. Bc6 Bg4 16. Bxc7 Bxh5 17. Bd6+ Kg8 18. Nxd5 Qxc6 19. Ne7+ Kh7 20. Nxc6
Bxd1 21. Rxd1 Rac8 22. Nxa7 Rxc2 23. Ba3 Bxb2 24. Bxb2 Rxb2 25. a4 Ra8 26. Nc6
Rxa4 27. g3 Rc4 28. Ne5 Rc7 29. Kg2 Re2 30. Ng4 Rcc2 31. Rd7 Kg6 32. Rd5 h5 33.
Ne5+ Kf6 34. Nd3 Rcd2 35. Kf3 g4+ 36. Kf4 Rxf2+ 37. Nxf2 Rxd5 38. Ne4+ Kg6 39.
Nf2 Rf5+ 40. Ke3 Re5+ 41. Kd2 f5 42. Nd3 Rd5 43. Ke3 Kg5 44. Nf4 Re5+ 45. Kf2
Re4 46. Ne2 h4 47. Nf4 hxg3+ 48. hxg3 Rxf4+ 0-1

[Event "HEM C-Turnier"]
[Site "Frankfurt-Zeilsheim"]
[Date "2018.05.11"]
[Round "4.17"]
[White "Willand, Mattis"]
[Black "Mueller, Darius"]
[Result "1-0"]
[WhiteElo "1261"]
[BlackElo "928"]
[PlyCount "135"]
[EventDate "2018.??.??"]
[EventType "swiss"]
[EventRounds "7"]
[EventCountry "GER"]
[WhiteTeam "SC FK Babenhausen"]
[BlackTeam "SC Ehrenberg"]

1. c4 e6 2. Nc3 Nf6 3. g3 c6 4. Bg2 Be7 5. d4 d5 6. cxd5 cxd5 7. Bf4 O-O 8. Nf3
b6 9. Nb5 Na6 10. Rc1 Bd7 11. Nc7 Nxc7 12. Rxc7 Bb5 13. b3 Bd6 14. Bxd6 Qxd6
15. Rc2 Rac8 16. Qc1 Rxc2 17. Qxc2 Qb4+ 18. Qd2 Qxd2+ 19. Kxd2 Ne4+ 20. Ke3 Rc8
21. Ne5 Nd6 22. Kd2 f6 23. Nd3 Bxd3 24. Kxd3 Nb5 25. Re1 f5 26. f3 Kf7 27. e4
dxe4+ 28. fxe4 g5 29. exf5 exf5 30. Bd5+ Kf8 31. Bc4 Nd6 32. Re5 Re8 33. Rxe8+
Kxe8 34. d5 Ke7 35. Ke3 Kf6 36. Kd4 h5 37. h3 h4 38. gxh4 g4 39. hxg4 fxg4 40.
Ke3 Ke5 41. h5 b5 42. Be2 Kxd5 43. Bxg4 Nf7 44. a4 bxa4 45. bxa4 a5 46. Kf4 Kd6
47. Bf3 Ke7 48. Bd5 Nd6 49. Kg5 Kf8 50. Kf6 Ne8+ 51. Kg6 Ke7 52. h6 Nf6 53. h7
Nxh7 54. Kxh7 Kd6 55. Bb3 Kc5 56. Kg6 Kb4 57. Bd1 Kc5 58. Kf6 Kc6 59. Ke6 Kc5
60. Kd7 Kb6 61. Kd6 Kb7 62. Kc5 Ka6 63. Be2+ Ka7 64. Kb5 Kb7 65. Kxa5 Ka7 66.
Bf3 Kb8 67. Kb6 Kc8 68. a5 1-0

[Event "HEM C-Turnier"]
[Site "Frankfurt-Zeilsheim"]
[Date "2018.05.11"]
[Round "4.18"]
[White "Fuchs, Henrik"]
[Black "Politoukhin, Nikolaj"]
[Result "0-1"]
[WhiteElo "1099"]
[BlackElo "893"]
[PlyCount "68"]
[EventDate "2018.??.??"]
[EventType "swiss"]
[EventRounds "7"]
[EventCountry "GER"]
[WhiteTeam "SC Bad Soden"]
[BlackTeam "SC Flörsheim"]

1. d4 d5 2. Bg5 Nf6 3. c4 c6 4. Nf3 Bf5 5. Nc3 e6 6. e3 Be7 7. cxd5 exd5 8. Bd3
Ne4 9. Bxe4 dxe4 10. Bxe7 Qxe7 11. Ne5 Nd7 12. Nxd7 Qxd7 13. O-O O-O 14. Qb3
Be6 15. Qc2 f5 16. Na4 b6 17. Nc3 Rfd8 18. Rfd1 Qf7 19. b3 Rd6 20. Ne2 g5 21.
Ng3 Rad8 22. Qe2 f4 23. Nxe4 Rd5 24. Nc3 R5d6 25. Qf3 Qd7 26. Ne4 Bg4 27. Nf6+
Rxf6 28. Qe4 Re8 29. Qd3 Bxd1 30. Rxd1 Rd6 31. exf4 Rxd4 32. Qc4+ Re6 33. Qxe6+
Qxe6 34. Rxd4 Qe1# 0-1

[Event "HEM C-Turnier"]
[Site "Frankfurt-Zeilsheim"]
[Date "2018.05.11"]
[Round "4.20"]
[White "Kleingarn, Frederik"]
[Black "Wolff, Beate"]
[Result "0-1"]
[WhiteElo "1010"]
[BlackElo "1262"]
[PlyCount "74"]
[EventDate "2018.??.??"]
[EventType "swiss"]
[EventRounds "7"]
[EventCountry "GER"]
[WhiteTeam "SC Nied"]
[BlackTeam "VSG Offenbach"]

1. e4 c6 2. Nf3 d5 3. exd5 cxd5 4. d4 Nf6 5. Bf4 Bf5 6. Be2 Nc6 7. Bb5 a6 8.
Ba4 b5 9. Bb3 e6 10. O-O Bd6 11. Bxd6 Qxd6 12. h3 O-O 13. Nc3 Rac8 14. Qd2 Ne4
15. Nxe4 Bxe4 16. c3 Bxf3 17. gxf3 Ne7 18. Qd3 Ng6 19. Bc2 f5 20. Qe3 Rce8 21.
Kh1 Qf4 22. Qxf4 Nxf4 23. Kh2 Rf6 24. Rg1 Rg6 25. Rxg6 Nxg6 26. a4 Rb8 27. b4
Kf7 28. axb5 axb5 29. Ra5 Nf4 30. Kg3 Ne2+ 31. Kg2 Nxc3 32. Ra7+ Kf6 33. Kf1
Rc8 34. Rb7 Rc4 35. Bd3 Rxb4 36. Ke1 Rxd4 37. Bxb5 Rd1# 0-1

[Event "HEM C-Turnier"]
[Site "Frankfurt-Zeilsheim"]
[Date "2018.05.12"]
[Round "5.2"]
[White "Graef, Kilian Gabriel"]
[Black "Fuchs, Christofer"]
[Result "0-1"]
[WhiteElo "1523"]
[BlackElo "1265"]
[PlyCount "174"]
[EventDate "2018.??.??"]
[EventType "swiss"]
[EventRounds "7"]
[EventCountry "GER"]
[WhiteTeam "SV Frankfurt Nord"]
[BlackTeam "SC Bad Soden"]

1. d4 f5 2. Bg5 g6 3. Nf3 Bg7 4. c4 Nf6 5. Nc3 O-O 6. e3 d6 7. Bd3 Nbd7 8. Qc2
e5 9. e4 h6 10. Bxf6 Nxf6 11. d5 fxe4 12. Nxe4 Bf5 13. Nxf6+ Qxf6 14. Bxf5 Qxf5
15. Qxf5 Rxf5 16. Rb1 Raf8 17. Rf1 Rf4 18. Nd2 h5 19. f3 Bh6 20. Ne4 g5 21. h3
g4 22. hxg4 hxg4 23. Ke2 gxf3+ 24. gxf3 Rh4 25. Rg1+ Kf7 26. Rg2 Rg8 27. Rxg8
Kxg8 28. Nf6+ Kf7 29. Ng4 Bf4 30. Kd3 c6 31. Ke4 Rh3 32. Rf1 a5 33. a4 Rg3 34.
Rf2 Rg1 35. Rc2 Ra1 36. b3 Rb1 37. Rc3 Bd2 38. Rd3 Bb4 39. Ne3 Re1 40. Kf5 Rh1
41. Kg5 Rg1+ 42. Ng4 cxd5 43. Rxd5 Bc5 44. Kf5 b6 45. Nf6 Rf1 46. Rd3 Ke7 47.
Ne4 Rb1 48. Nxc5 bxc5 49. f4 Rf1 50. Rh3 Rxf4+ 51. Kg5 Rf6 52. Rh7+ Ke6 53. Ra7
Rf3 54. Rxa5 Rxb3 55. Rb5 Ra3 56. a5 e4 57. Rb8 e3 58. a6 Ke7 59. Rb7+ Ke6 60.
Rb8 Kd7 61. Rb7+ Kc6 62. Re7 Rxa6 63. Rxe3 Ra4 64. Rc3 d5 65. cxd5+ Kxd5 66.
Kf5 Kd4 67. Rb3 c4 68. Rb8 Ra5+ 69. Kf4 Rc5 70. Rd8+ Kc3 71. Ke3 Re5+ 72. Kf2
Kc2 73. Ra8 c3 74. Ra2+ Kb3 75. Ra8 c2 76. Rb8+ Kc4 77. Rc8+ Rc5 78. Re8 c1=Q
79. Re4+ Kd5 80. Rh4 Qd2+ 81. Kg3 Rc3+ 82. Kg4 Rc4+ 83. Kg3 Rxh4 84. Kxh4 Qg2
85. Kh5 Ke5 86. Kh4 Kf5 87. Kh5 Qg5# 0-1

[Event "HEM C-Turnier"]
[Site "Frankfurt-Zeilsheim"]
[Date "2018.05.12"]
[Round "5.3"]
[White "Menz, Sebastian"]
[Black "Hoelss, Silas"]
[Result "1/2-1/2"]
[WhiteElo "1265"]
[BlackElo "1457"]
[PlyCount "86"]
[EventDate "2018.??.??"]
[EventType "swiss"]
[EventRounds "7"]
[EventCountry "GER"]
[WhiteTeam "SC Ehrenberg"]
[BlackTeam "SSG Hungen-Lich"]

1. d4 f5 2. e3 Nf6 3. c4 d6 4. Nc3 g6 5. Nf3 Bg7 6. Be2 O-O 7. O-O Qe8 8. Bd3
e5 9. dxe5 dxe5 10. e4 fxe4 11. Nxe4 Nxe4 12. Bxe4 Nc6 13. Ng5 h6 14. Nf3 Bg4
15. h3 Bxf3 16. Bxf3 e4 17. Qd5+ Kh8 18. Qxe4 Qf7 19. Rb1 Ne5 20. Be2 b6 21.
Bxh6 Bxh6 22. Qxe5+ Bg7 23. Qe4 Kg8 24. Qd5 Qxd5 25. cxd5 Rad8 26. Bc4 Kh8 27.
b4 Rf6 28. Rbe1 Rf4 29. Bb3 Rxb4 30. Re7 Rc8 31. Rfe1 Bf8 32. Re8 Rxe8 33. Rxe8
Kg7 34. Re2 Bd6 35. g3 Bc5 36. Kg2 Rd4 37. Rc2 a5 38. Re2 b5 39. Rc2 Bb6 40.
Re2 a4 41. Bc2 Rxd5 42. Re6 Rd2 43. Bxg6 Rxf2+ 1/2-1/2

[Event "HEM C-Turnier"]
[Site "Frankfurt-Zeilsheim"]
[Date "2018.05.12"]
[Round "5.4"]
[White "Shehab, Tarek"]
[Black "Mitsiioannou, Antonios"]
[Result "1/2-1/2"]
[WhiteElo "1218"]
[BlackElo "1430"]
[PlyCount "116"]
[EventDate "2018.??.??"]
[EventType "swiss"]
[EventRounds "7"]
[EventCountry "GER"]
[WhiteTeam "SF Korbach"]
[BlackTeam "SV Ffm-Griesheim"]

1. e4 c5 2. d4 cxd4 3. c3 d6 4. cxd4 Nf6 5. Nc3 Bg4 6. Nf3 e6 7. Bb5+ Nbd7 8.
O-O a6 9. Be2 Be7 10. Bf4 Nb6 11. Qb3 O-O 12. h3 Bh5 13. e5 Nfd5 14. Bg3 Qc7
15. Nxd5 Nxd5 16. Rac1 Qd7 17. Bc4 Bxf3 18. Qxf3 dxe5 19. dxe5 Bg5 20. Rcd1
Rfd8 21. Rd4 Rac8 22. Rfd1 Qc6 23. Bxd5 exd5 24. Rxd5 Rxd5 25. Qxd5 Qxd5 26.
Rxd5 Rc2 27. Bf4 h6 28. Bxg5 hxg5 29. Rd8+ Kh7 30. Rd7 Rxb2 31. Rxf7 Kg6 32.
Rd7 Rb6 33. g3 a5 34. Rd5 a4 35. Kg2 Kf5 36. Kf3 Rb4 37. g4+ Ke6 38. Ra5 b6 39.
Ra7 Kxe5 40. Rxg7 Kf6 41. Ra7 Rc4 42. Kg2 b5 43. Ra6+ Ke5 44. Rg6 Kd4 45. Rxg5
b4 46. Rb5 Kc3 47. f3 b3 48. axb3 axb3 49. Rxb3+ Kxb3 50. h4 Kc3 51. h5 Kd4 52.
Kg3 Ke5 53. h6 Rc6 54. g5 Rc7 55. Kg4 Rc4+ 56. Kh5 Kf5 57. h7 Rc1 58. Kh6 Rc6+
1/2-1/2

[Event "HEM C-Turnier"]
[Site "Frankfurt-Zeilsheim"]
[Date "2018.05.12"]
[Round "5.5"]
[White "Bernath, Markus"]
[Black "Klein, Simon"]
[Result "1-0"]
[WhiteElo "1224"]
[BlackElo "1383"]
[PlyCount "101"]
[EventDate "2018.??.??"]
[EventType "swiss"]
[EventRounds "7"]
[EventCountry "GER"]
[WhiteTeam "SC Heuchelheim"]
[BlackTeam "SK Hungen"]

1. e4 d6 2. d4 Nf6 3. Nc3 Nbd7 4. Nf3 e5 5. d5 Be7 6. Bb5 a6 7. Ba4 b5 8. Bb3
h6 9. Be3 Ng4 10. Qe2 Nf8 11. O-O Nxe3 12. Qxe3 g5 13. a4 b4 14. Ne2 g4 15. Ne1
a5 16. f3 h5 17. fxg4 hxg4 18. Qf2 Rh7 19. c4 Ng6 20. Nd3 Kd7 21. c5 Qh8 22.
c6+ Kd8 23. g3 Bg5 24. Kh1 Be3 25. Qf6+ Ke8 26. Qxh8+ Nxh8 27. Bc2 Ba6 28. b3
Ng6 29. Rf6 Ke7 30. Raf1 Rah8 31. h4 Nxh4 32. gxh4 Rxh4+ 33. Kg2 Rh2+ 34. Kg3
R8h3+ 35. Kxg4 Rh7 36. Ng3 R7h4+ 37. Kf3 Bxd3 38. Bxd3 Kxf6 39. Kxe3+ Kg6 40.
Rf3 Rb2 41. Nf5 Rxb3 42. Nxh4+ Kg5 43. Rxf7 Kxh4 44. Rxc7 Rc3 45. Ke2 Kg5 46.
Rd7 Kf4 47. Rxd6 Ra3 48. c7 Ra2+ 49. Kd1 b3 50. c8=Q Ra1+ 51. Qc1+ 1-0

[Event "HEM C-Turnier"]
[Site "Frankfurt-Zeilsheim"]
[Date "2018.05.12"]
[Round "5.6"]
[White "Schaefer, Jessica"]
[Black "Edelmann, Viktor"]
[Result "1-0"]
[WhiteElo "1461"]
[BlackElo "967"]
[PlyCount "63"]
[EventDate "2018.??.??"]
[EventType "swiss"]
[EventRounds "7"]
[EventCountry "GER"]
[WhiteTeam "SK Turm Bad Hersfeld"]
[BlackTeam "SC Frankfurt-West"]

1. e4 e5 2. Nf3 Nc6 3. Bc4 h6 4. d4 exd4 5. Nxd4 Nxd4 6. Qxd4 Nf6 7. O-O c5 8.
Qd1 d6 9. Nc3 Bd7 10. Bf4 Qc7 11. Re1 O-O-O 12. Qd3 Qb6 13. b3 g5 14. Bd2 Be6
15. Nd5 Nxd5 16. Bxd5 Bd7 17. a4 a5 18. c3 Be6 19. b4 Bxd5 20. exd5 Bg7 21.
Rab1 Qa7 22. Re7 Rhf8 23. bxa5 Rd7 24. Qf5 b5 25. Rxd7 Qxd7 26. Qxd7+ Kxd7 27.
axb5 Ra8 28. a6 Kc8 29. c4 Kb8 30. Re1 Ka7 31. Re7+ Kb6 32. Rb7# 1-0

[Event "HEM C-Turnier"]
[Site "Frankfurt-Zeilsheim"]
[Date "2018.05.12"]
[Round "5.7"]
[White "Doehne, Michael"]
[Black "Kasiman, Alexander"]
[Result "0-1"]
[WhiteElo "1363"]
[BlackElo "1139"]
[PlyCount "92"]
[EventDate "2018.??.??"]
[EventType "swiss"]
[EventRounds "7"]
[EventCountry "GER"]
[WhiteTeam "SC Hattersheim"]
[BlackTeam "SV Ffm-Griesheim"]

1. d4 Nf6 2. Bf4 d6 3. e3 Bf5 4. Nd2 g6 5. c3 Qc8 6. Ngf3 Bg7 7. Bc4 O-O 8. Qb3
Nc6 9. h3 Na5 10. Qb4 Nxc4 11. Qxc4 c5 12. g4 Be6 13. Qe2 Qc6 14. e4 cxd4 15.
Nxd4 Qd7 16. O-O-O Bxa2 17. b3 e5 18. Nf5 exf4 19. Nxg7 Kxg7 20. Kb2 Bxb3 21.
Nxb3 Qe7 22. Rd4 Rfe8 23. f3 h5 24. Rhd1 hxg4 25. hxg4 Nh7 26. Rxd6 Rad8 27.
Qd2 Rxd6 28. Qxd6 Qxd6 29. Rxd6 Ng5 30. Nd4 Rh8 31. Rd5 Rh2+ 32. Kb3 Kf6 33.
e5+ Ke7 34. Rb5 b6 35. Nc6+ Kd7 36. Nd4 Rf2 37. e6+ Nxe6 38. Rd5+ Kc7 39. Nb5+
Kb8 40. Nd6 Rxf3 41. Nxf7 Rg3 42. Rd6 Nc5+ 43. Kb4 Rxg4 44. Ne5 Rg3 45. Rxg6
Rxg6 46. Nxg6 f3 0-1

[Event "HEM C-Turnier"]
[Site "Frankfurt-Zeilsheim"]
[Date "2018.05.12"]
[Round "5.8"]
[White "Scallan, Cillian"]
[Black "Jayakumar, Sharun"]
[Result "1-0"]
[WhiteElo "1134"]
[BlackElo "1212"]
[PlyCount "93"]
[EventDate "2018.??.??"]
[EventType "swiss"]
[EventRounds "7"]
[EventCountry "GER"]
[BlackTeam "SV Ffm-Griesheim"]

1. e4 d5 2. exd5 Nf6 3. Nc3 Nxd5 4. Bc4 Nxc3 5. bxc3 Nc6 6. d4 g6 7. Nf3 Bg7 8.
Be3 Bf5 9. Rb1 b6 10. Bb5 Bd7 11. O-O O-O 12. Qd2 e6 13. Bh6 f5 14. Bxg7 Kxg7
15. Ng5 h6 16. Bxc6 Qxg5 17. Qxg5 hxg5 18. Bxd7 Kf6 19. Rfe1 Rad8 20. Bxe6 Rd6
21. Bb3 Rfd8 22. Re3 c5 23. d5 b5 24. c4 a6 25. Re6+ Rxe6 26. dxe6 Ke7 27. h3
b4 28. Re1 Rd6 29. Re5 Rc6 30. g4 f4 31. Rxg5 Kxe6 32. Rxg6+ Kd7 33. Rxc6 Kxc6
34. g5 Kd6 35. g6 Ke7 36. h4 Kf6 37. h5 Kg7 38. Kg2 Kh6 39. Kf3 Kg7 40. Kxf4
Kf6 41. c3 bxc3 42. Bc2 Kg7 43. Kg5 Kg8 44. h6 Kh8 45. g7+ Kg8 46. Kg6 a5 47.
h7# 1-0

[Event "HEM C-Turnier"]
[Site "Frankfurt-Zeilsheim"]
[Date "2018.05.12"]
[Round "5.9"]
[White "Gertel, Josef"]
[Black "Goodwin, David"]
[Result "0-1"]
[WhiteElo "1227"]
[BlackElo "1539"]
[PlyCount "72"]
[EventDate "2018.??.??"]
[EventType "swiss"]
[EventRounds "7"]
[EventCountry "GER"]
[WhiteTeam "SC Frankfurt-West"]
[BlackTeam "SV Kelsterbach"]

1. e4 g6 2. Nf3 Bg7 3. d4 d6 4. Nc3 a6 5. a3 Nd7 6. Bc4 e6 7. O-O b5 8. Ba2 Bb7
9. Re1 Ne7 10. d5 e5 11. Be3 O-O 12. Qd2 Nf6 13. Bg5 Qd7 14. Bxf6 Bxf6 15. Ne2
Bg7 16. Ng3 f5 17. exf5 Nxf5 18. c4 Bh6 19. Qd3 Nxg3 20. fxg3 bxc4 21. Qxc4 a5
22. Rab1 Ba6 23. Qc6 Qc8 24. b4 Rb8 25. bxa5 Rxb1 26. Rxb1 Be3+ 27. Kh1 e4 28.
Qc3 exf3 29. Qxe3 fxg2+ 30. Kxg2 Re8 31. Qb3 Re2+ 32. Kg1 Re8 33. Qf3 Be2 34.
Qf6 Bd3 35. Rb2 Qh3 36. Rb1 Bxb1 0-1

[Event "HEM C-Turnier"]
[Site "Frankfurt-Zeilsheim"]
[Date "2018.05.12"]
[Round "5.10"]
[White "Oezyar, Arin"]
[Black "Giebitz, Walter"]
[Result "0-1"]
[WhiteElo "981"]
[BlackElo "1476"]
[PlyCount "162"]
[EventDate "2018.??.??"]
[EventType "swiss"]
[EventRounds "7"]
[EventCountry "GER"]
[WhiteTeam "SC Bad Soden"]
[BlackTeam "SC Steinbach"]

1. e4 e5 2. Nf3 Nc6 3. Bc4 Bc5 4. c3 Nf6 5. d4 exd4 6. cxd4 Bb4+ 7. Nc3 O-O 8.
Bg5 h6 9. Bh4 d6 10. O-O Bg4 11. Nd5 g5 12. Bg3 Nxe4 13. Qd3 Nxg3 14. hxg3 Be6
15. Bb3 Bxd5 16. Bxd5 Qd7 17. Bb3 Rae8 18. Bc2 f6 19. Ba4 Qf7 20. Bb3 Re6 21.
d5 Ne5 22. Nxe5 Rxe5 23. a3 Ba5 24. Ba2 Rfe8 25. b4 Bb6 26. a4 a6 27. a5 Ba7
28. Rac1 Re4 29. b5 Rd4 30. Qb1 Ree4 31. Rfd1 Rb4 32. Qd3 Rbd4 33. Qb1 Rxd1+
34. Rxd1 Qe7 35. Rf1 Re2 36. Qd3 Rxa2 37. bxa6 b5 38. axb6 Bxb6 39. Qg6+ Qg7
40. Qe8+ Kh7 41. Re1 Bxf2+ 42. Kf1 Bxe1 43. Kxe1 Rxa6 44. Qe4+ Kg8 45. Qe6+ Qf7
46. Qc8+ Kg7 47. Qxa6 Qxd5 48. Qc8 Qe5+ 49. Kf1 Qa1+ 50. Kf2 Qc3 51. Qd7+ Kg6
52. Qe8+ Kf5 53. Qd7+ Ke5 54. Qe7+ Kd5 55. Qf7+ Kc6 56. Qe8+ Kb7 57. Qb5+ Ka7
58. Qa4+ Kb6 59. Qe4 Qc5+ 60. Kf1 Qc6 61. Qd4+ Qc5 62. Qxf6 Qc4+ 63. Ke1 Qe4+
64. Kf1 Qd3+ 65. Kg1 Qxg3 66. Qxh6 Qe1+ 67. Kh2 Qh4+ 68. Qxh4 gxh4 69. Kh3 d5
70. Kxh4 d4 71. g4 d3 72. Kh5 d2 73. g5 d1=Q+ 74. Kh6 Qd2 75. Kg6 c5 76. Kf6
Qf4+ 77. Kg6 c4 78. Kh5 c3 79. g6 Qf5+ 80. Kh6 c2 81. g7 c1=Q# 0-1

[Event "HEM C-Turnier"]
[Site "Frankfurt-Zeilsheim"]
[Date "2018.05.12"]
[Round "5.11"]
[White "Arnold, Jan"]
[Black "Ruppert, Henry"]
[Result "1/2-1/2"]
[WhiteElo "1441"]
[BlackElo "1181"]
[PlyCount "25"]
[EventDate "2018.??.??"]
[EventType "swiss"]
[EventRounds "7"]
[EventCountry "GER"]
[WhiteTeam "SC Frankfurt-West"]
[BlackTeam "SC Flörsheim"]

1. c4 f5 2. Nc3 Nf6 3. g3 g6 4. Bg2 Bg7 5. e3 O-O 6. d4 d6 7. Nge2 c6 8. O-O
Qe8 9. Rb1 e5 10. d5 c5 11. b4 b6 12. b5 Nbd7 13. Qc2 1/2-1/2

[Event "HEM C-Turnier"]
[Site "Frankfurt-Zeilsheim"]
[Date "2018.05.12"]
[Round "5.13"]
[White "Politoukhin, Nikolaj"]
[Black "Arnold, Aaron"]
[Result "0-1"]
[WhiteElo "893"]
[BlackElo "1339"]
[PlyCount "36"]
[EventDate "2018.??.??"]
[EventType "swiss"]
[EventRounds "7"]
[EventCountry "GER"]
[WhiteTeam "SC Flörsheim"]
[BlackTeam "SC Frankfurt-West"]

1. e4 b6 2. Nc3 Bb7 3. Bc4 e6 4. d3 Bb4 5. Bd2 Ne7 6. Nf3 O-O 7. O-O Bxc3 8.
Bxc3 d5 9. Bb3 dxe4 10. d4 exf3 11. gxf3 Nf5 12. Kh1 Nh4 13. d5 exd5 14. Qd4
Qf6 15. Qg4 Qxf3+ 16. Qxf3 Nxf3 17. Kg2 d4 18. Bb4 c5 0-1

[Event "HEM C-Turnier"]
[Site "Frankfurt-Zeilsheim"]
[Date "2018.05.12"]
[Round "5.14"]
[White "Coskun, Eray"]
[Black "Willand, Mattis"]
[Result "0-1"]
[WhiteElo "839"]
[BlackElo "1261"]
[PlyCount "72"]
[EventDate "2018.??.??"]
[EventType "swiss"]
[EventRounds "7"]
[EventCountry "GER"]
[WhiteTeam "SC Flörsheim"]
[BlackTeam "SC FK Babenhausen"]

1. e4 c5 2. Bc4 Nc6 3. Nf3 d6 4. Ng5 e6 5. d3 g6 6. Nc3 Bg7 7. Bd2 Bd7 8. O-O
Nf6 9. Re1 O-O 10. f4 Nd4 11. Nf3 Bc6 12. Rf1 Re8 13. Nxd4 cxd4 14. Nb5 d5 15.
e5 Nd7 16. Nd6 dxc4 17. Nxe8 Qxe8 18. dxc4 Nb6 19. Bb4 Rd8 20. Ba5 Bf8 21. b4
Rd7 22. Qe2 Ba4 23. b5 Bc5 24. Kh1 Qe7 25. a3 Qd8 26. Qf2 Qc8 27. Bb4 Nxc4 28.
Bxc5 Qxc5 29. c3 Ne3 30. Rfc1 dxc3 31. Qf3 c2 32. Kg1 Ng4+ 33. Kh1 Rd1+ 34.
Rxd1 cxd1=Q+ 35. Rxd1 Bxd1 36. Qxd1 Nf2+ 0-1

[Event "HEM C-Turnier"]
[Site "Frankfurt-Zeilsheim"]
[Date "2018.05.12"]
[Round "5.15"]
[White "Neagu, Liviu"]
[Black "Schmidt, Jeremy"]
[Result "1-0"]
[WhiteElo "1562"]
[BlackElo "1161"]
[PlyCount "89"]
[EventDate "2018.??.??"]
[EventType "swiss"]
[EventRounds "7"]
[EventCountry "GER"]
[WhiteTeam "SF Friedberg"]
[BlackTeam "SG Rödermark"]

1. d4 Nf6 2. c4 e6 3. Nf3 b6 4. e3 Bb7 5. Be2 Bb4+ 6. Nbd2 O-O 7. a3 Bxd2+ 8.
Bxd2 d6 9. O-O Nbd7 10. Re1 c5 11. Bd3 Re8 12. e4 e5 13. d5 a5 14. Bc2 Ba6 15.
Qe2 Rb8 16. Ba4 h6 17. b4 Qc7 18. Rec1 Rec8 19. b5 Bb7 20. Nh4 Nf8 21. Nf5 Ng6
22. g4 Nf4 23. Bxf4 exf4 24. Qf3 Re8 25. Qxf4 Rxe4 26. Nxh6+ gxh6 27. Qxf6
Rxg4+ 28. Kh1 Rg6 29. Rg1 Kh7 30. Bc2 Rbg8 31. Rg3 Qd8 32. Bxg6+ fxg6 33. Rxg6
Qxf6 34. Rxf6 Bc8 35. Rg1 Rd8 36. Rgg6 Re8 37. Rxh6+ Kg7 38. Rhg6+ Kh7 39. Rxd6
Bf5 40. Rgf6 Be4+ 41. Kg1 Rg8+ 42. Kf1 Bd3+ 43. Ke1 Bxc4 44. Rd7+ Kh8 45. Rh6#
1-0

[Event "HEM C-Turnier"]
[Site "Frankfurt-Zeilsheim"]
[Date "2018.05.12"]
[Round "5.16"]
[White "Weber, Stefan"]
[Black "Wolff, Beate"]
[Result "1-0"]
[WhiteElo "1508"]
[BlackElo "1262"]
[PlyCount "57"]
[EventDate "2018.??.??"]
[EventType "swiss"]
[EventRounds "7"]
[EventCountry "GER"]
[WhiteTeam "SF Korbach"]
[BlackTeam "VSG Offenbach"]

1. e4 c6 2. d4 d5 3. e5 Bf5 4. Nf3 e6 5. Be2 Ne7 6. Be3 Ng6 7. Nbd2 Be7 8. O-O
O-O 9. c3 Nd7 10. h3 Nh4 11. Nh2 h6 12. Kh1 Be4 13. f3 Bh7 14. g4 c5 15. f4 g5
16. Bf2 gxf4 17. Bxh4 Bxh4 18. Rxf4 Bg3 19. Rf3 Bxh2 20. Kxh2 c4 21. Rg3 Kh8
22. Nf3 Rg8 23. Qd2 Qf8 24. Rag1 f5 25. g5 f4 26. Rg4 hxg5 27. Nxg5 Bg6 28.
Rh4+ Kg7 29. Nxe6+ 1-0

[Event "HEM C-Turnier"]
[Site "Frankfurt-Zeilsheim"]
[Date "2018.05.12"]
[Round "5.17"]
[White "Mueller, Darius"]
[Black "Pessotschinski, Lars"]
[Result "1/2-1/2"]
[WhiteElo "928"]
[BlackElo "1692"]
[PlyCount "64"]
[EventDate "2018.??.??"]
[EventType "swiss"]
[EventRounds "7"]
[EventCountry "GER"]
[WhiteTeam "SC Ehrenberg"]
[BlackTeam "TuS Makkabi"]

1. d4 Nf6 2. Nf3 g6 3. e3 Bg7 4. Be2 O-O 5. Nbd2 d6 6. O-O Nc6 7. b3 Bf5 8. Bb2
Re8 9. Bd3 Bxd3 10. cxd3 e5 11. dxe5 Nxe5 12. Nxe5 dxe5 13. Nf3 e4 14. dxe4
Rxe4 15. Qxd8+ Rxd8 16. Rad1 Ree8 17. h3 Rd7 18. Rxd7 Nxd7 19. Bxg7 Kxg7 20.
Rd1 Nf6 21. Rd4 Kf8 22. Nd2 Ke7 23. Ne4 Nxe4 24. Rxe4+ Kd7 25. Rxe8 Kxe8 26. f4
f6 27. g4 Ke7 28. Kf2 Ke6 29. Kf3 c5 30. e4 b5 31. Ke3 a5 32. a3 h6 1/2-1/2

[Event "HEM C-Turnier"]
[Site "Frankfurt-Zeilsheim"]
[Date "2018.05.12"]
[Round "5.18"]
[White "Edelmann, Anastasija"]
[Black "Pessotschinski, Eduard"]
[Result "0-1"]
[WhiteElo "919"]
[BlackElo "1383"]
[PlyCount "62"]
[EventDate "2018.??.??"]
[EventType "swiss"]
[EventRounds "7"]
[EventCountry "GER"]
[WhiteTeam "SC Frankfurt-West"]
[BlackTeam "TuS Makkabi"]

1. e4 c5 2. Nf3 d6 3. Nc3 Nf6 4. Bc4 Bg4 5. d3 Nc6 6. Bg5 Nd4 7. h3 Bxf3 8.
gxf3 Nd7 9. Qd2 Ne5 10. O-O-O Nexf3 11. Qf4 f6 12. h4 fxg5 13. hxg5 e6 14. Nb5
Ne2+ 15. Kb1 Nxf4 16. c3 a6 17. Na3 Qxg5 18. d4 b5 19. Be2 Nxe2 20. Rh3 Nd2+
21. Ka1 cxd4 22. cxd4 Rc8 23. Rhh1 d5 24. Rde1 Rc1+ 25. Rxc1 Nxc1 26. Rxc1 Nb3+
27. axb3 Qxc1+ 28. Ka2 Bxa3 29. bxa3 O-O 30. b4 Rxf2+ 31. Kb3 Rb2# 0-1

[Event "HEM C-Turnier"]
[Site "Frankfurt-Zeilsheim"]
[Date "2018.05.12"]
[Round "5.19"]
[White "Von Beckh, Frieda"]
[Black "Lassek, Bjarne"]
[Result "1-0"]
[WhiteElo "1262"]
[BlackElo "993"]
[PlyCount "129"]
[EventDate "2018.??.??"]
[EventType "swiss"]
[EventRounds "7"]
[EventCountry "GER"]
[WhiteTeam "SC Eschborn"]
[BlackTeam "SC Nied"]

1. e4 e5 2. Nf3 Nc6 3. d4 exd4 4. Bc4 Bc5 5. O-O Nge7 6. Ng5 O-O 7. Qh5 h6 8.
Nxf7 Rxf7 9. Qxf7+ Kh7 10. Qh5 Nb4 11. Qxc5 Nxc2 12. Bd3 Nxa1 13. Qxd4 d5 14.
exd5+ Bf5 15. Bxf5+ Nxf5 16. Qd3 Qf6 17. g4 Qg6 18. Qxf5 Qxf5 19. gxf5 Nc2 20.
Nc3 Nd4 21. Bf4 c6 22. d6 Nxf5 23. d7 Nd4 24. Rd1 Ne6 25. Bg3 Kg8 26. Ne4 Kf8
27. Bd6+ Kf7 28. Nc5 Rd8 29. Nxe6 Kxe6 30. Bc5 b6 31. Re1+ Kxd7 32. Rd1+ Kc7
33. Rxd8 Kxd8 34. Bf8 g6 35. Bxh6 Ke7 36. Kg2 Kf6 37. f4 Kf5 38. Kf3 a5 39. h4
c5 40. Bg5 b5 41. Ke3 b4 42. Kd3 Ke6 43. Kc4 Kd6 44. Kb5 Kd5 45. Kxa5 Kc4 46.
b3+ Kc3 47. Bf6+ Kd3 48. Ka4 Ke4 49. Bg5 Kd5 50. a3 bxa3 51. Kxa3 c4 52. bxc4+
Kxc4 53. f5 Kd5 54. fxg6 Ke6 55. g7 Kf7 56. Bh6 Kg8 57. Kb4 Kf7 58. Kc4 Kg8 59.
Kd5 Kh7 60. Ke6 Kg8 61. h5 Kh7 62. Kf6 Kg8 63. Ke7 Kh7 64. Kf7 Kxh6 65. g8=Q
1-0